000 00282nam a2200121Ia 4500
008 220204s9999 xx 000 0 und d
082 _a645.4
_bHAT
245 0 _aNew furniture
260 _aLondon
_bAcademy
_c1973
700 _aHatje, H V G
700 _aKaspar, Peter
942 _cBK
999 _c29464
_d29464